000
00251nam a22001097a 4500
082
_a
669 DIF'A
100
_a
AMERICAN SOCIETY
_9
42369
245
_a
DIFFUSION IN BODY CENTERED CUBIC METALS
260
_a
OHIO
_b
ASM
_c
1965
300
_a
426P
942
_c
BK
999
_c
585161
_d
585161